Eagle Star Insurance Co Ltd v SoS Environment and Bournmouth BC (Record no. 35566)
[ view plain ]
| 000 -LEADER | |
|---|---|
| fixed length control field | 01431cab a2200265 4500 |
| 001 - CONTROL NUMBER | |
| control field | ABS46447 |
| 008 - FIXED-LENGTH DATA ELEMENTS--GENERAL INFORMATION | |
| fixed length control field | 090401t1992 xxu||||| |||| 00| 0 eng d |
| 035 ## - SYSTEM CONTROL NUMBER | |
| System control number | (Sirsi) u58285 |
| 041 ## - LANGUAGE CODE | |
| Language code of text/sound track or separate title | eng |
| 245 ## - TITLE STATEMENT | |
| Title | Eagle Star Insurance Co Ltd v SoS Environment and Bournmouth BC |
| 260 ## - PUBLICATION, DISTRIBUTION, ETC. | |
| Date of publication, distribution, etc. | 1992 |
| 350 ## - PRICE (NR) (BK AM CF MU VM SE) [OBSOLETE] | |
| Price | 0 |
| 490 ## - SERIES STATEMENT | |
| Series statement | Journal of Planning and Environment Law |
| Volume/sequential designation | (1992) JPL 434-442(9) |
| 520 ## - SUMMARY, ETC. | |
| Summary, etc. | QBD 29 May 1991. The council`s refusal to grant planning permission was challenged, but upheld by an inspector at public inquiry on the basis of traffic objections. During this appeal E had offered to fund any necessary road improvements and agreed to the placing of a `Grampian` condition. This was, however, rejected by B as the highway authority would be unwilling to gain the land for roads by compulsory purchase. As the SoS had initially agreed to the building, E brought an action in the high court under the Town and Country Planning Act 1990 s288, where its case was dismissed, the imposition of such a condition being considered self-defeating. |
| 650 ## - SUBJECT ADDED ENTRY--TOPICAL TERM | |
| Topical term or geographic name entry element | GRAMPIAN CONDITIONS |
| 650 ## - SUBJECT ADDED ENTRY--TOPICAL TERM | |
| Topical term or geographic name entry element | GRAMPIAN RC V CITY OF ABERDEEN DC |
| 650 ## - SUBJECT ADDED ENTRY--TOPICAL TERM | |
| Topical term or geographic name entry element | HAMPSHIRE SHOPPING CENTRE |
| 650 ## - SUBJECT ADDED ENTRY--TOPICAL TERM | |
| Topical term or geographic name entry element | PLANNING PERMISSION |
| 650 ## - SUBJECT ADDED ENTRY--TOPICAL TERM | |
| Topical term or geographic name entry element | REFUSAL |
| 650 ## - SUBJECT ADDED ENTRY--TOPICAL TERM | |
| Topical term or geographic name entry element | SHOPPING CENTRE EXTENSION |
| 650 ## - SUBJECT ADDED ENTRY--TOPICAL TERM | |
| Topical term or geographic name entry element | TOWN AND COUNTRY PLANNING ACT 1990 S288 |
| 690 ## - LOCAL SUBJECT ADDED ENTRY--TOPICAL TERM (OCLC, RLIN) | |
| Topical term or geographic name as entry element | PLANNING LAW AND PRACTICE-CASE LAW |
| 942 ## - ADDED ENTRY ELEMENTS (KOHA) | |
| Suppress in OPAC | 0 |
| 948 ## - LOCAL PROCESSING INFORMATION (OCLC); SERIES PART DESIGNATOR (RLIN) | |
| c (OCLC) | 04/03/1997 |
| Withdrawn status | Lost status | Source of classification or shelving scheme | Damaged status | Not for loan | Home library | Current library | Shelving location | Date acquired | Total Checkouts | Full call number | Barcode | Date last seen | Copy number | Price effective from | Koha item type |
|---|---|---|---|---|---|---|---|---|---|---|---|---|---|---|---|
| Dewey Decimal Classification | London | London | Journal article | 14/09/1999 | ABS46447 | 58285-1001 | 06/08/2019 | 1 | 06/08/2019 | Law report |